Statistiken für Stilmittel aus dem Deutschunterricht

Klicken Sie hier um das Quiz zu spielen!

Allgemein

  • Dieses Quiz wurde 186 mal gespielt
  • Das Durchschnittsergebnis liegt bei 9 aus 28

Antwortstatistiken

Beispielsatz/wortStilmittel% Korrekt
Mars macht MobilAlliteration
91%
Er ist stark wie ein Löwe.Vergleich
84%
Mauer des Schweigens; Schnee von gesternMetapher
71%
Wer möchte das haben? Wer möchte das erleben?Anapher
47%
Er kam, er sah, er siegte.; Heute die Stadt, morgen das Land und später die ganze Welt!Klimax
42%
Da war die Hölle los!Hyperbel
39%
Zwitschern; Quaken; Rascheln; Peng!Lautmalerei / Onomatopoesie
39%
Verben, Substantive, Adjektive und Artikel machen es lebendig.Akkumulation / Aufzählung
38%
Entsorgungspark (statt: Müllkippe); Der Friedensprozess ist ins Stocken gekommen (statt: Es ist Krieg ausgebrochen)Euphemismus
38%
Die Sonne lacht.; Fabriken drohten mit ihren keuchenden SchlotenPersonifikation
37%
Ist das nicht schon schlimm genug?; Wen interessiert's?Rhetorische Frage
37%
Schön ist die Liebe. Schön ist das Leben.Parallelismus
34%
stummer Schrei; beredetes Schweigen; Eile mit WeileOxymoron
31%
Er arbeitet, arbeitet und arbeitet.Wiederholung
31%
Justitia (steht für Gerechtigkeit); Sensenmann (steht für den Tod)Allegorie / Sinnbild
23%
nicht übel (statt: gut)Litotes
22%
Jüdische Synagoge; Gratis-Geschenk; Tote LeichePleonasmus / Doppelausdruck
22%
Sie geht, er kommt.Antithese
20%
Die Macht ist groß, doch klein ist der Verstand.Chiasmus
20%
Es war ein schöner, nein, ein außergewöhnlicher Morgen!Correctio
20%
Lyrische Texte mag ich sehr.Inversion
20%
Sie kommen heute. Alle.; Quadratisch. Praktisch. Gut.Ellipse
18%
Sie weinte vor Glück; Das einzig beständige ist die VeränderungParadoxon / Scheinwiderspruch
17%
Schreiendes RotSynästhesie
15%
Ende gut. Alles gut.; Ihr überrascht mich nicht, erschreckt mich nicht.Epipher
14%
Pro Kopf; Pro Nase; Wir leben unter einem DachSynekdoche
9%
Das Auge des Gesetzes (statt: Polizei); Die dritten Zähne (statt: Gebiss)Periphrase
4%
Ich betone ausdrücklich...Emphase
3%

Verteilung der Resultate

Perzentil nach korrekt beantworteten Fragen

Anzahl Personen mit jedem Resultat

Ihre Resultats-Entwicklung

Sie haben dieses Quiz noch nicht gespielt